000 00705nam a2200289Ia 4500
005 20260324124806.0
008 008 260324s9999 xx 000 0 eng d
020 _a9780203836347
037 _aEBOOK
040 _aCRL
040 _beng
040 _cCRL
041 _2eng
041 _aeng
084 _qCRL
100 _aHuw Macartney
_91175505
245 0 _aVariegated Neoliberalism
245 0 _bEU varieties of capitalism and International Political Economy
260 _bTaylor and Francis
260 _c2010
365 _a
365 _b150
856 _uhttp://www.taylorfrancis.com/books/9780203836347
942 _cEBOOK
999 _c1770219
_d1770219